ბათუმის შოთა რუსთაველის სახელმწიფო უნივერსიტეტის ბიბლიოთეკა

შორეთი = Die Ferne (ბიბ.ჩანაწერი № 58195)

000 -ლიდერი
ფიქსირებული სიგრძის საკონტროლო ველი 01430nam a22002057a 4500
003 - საკონტროლო ნომრის იდენტიფიკატორი
საკონტროლო ველი Ge_BSU
005 - ბოლო ოპერაციის თარიღი და დრო
საკონტროლო ველი 20210910121052.0
008 - ფიქსირებული სიგრძის მონაცემთა ელემენტები - ზოგადი ინფორმაცია
ფიქსირებული სიგრძის საკონტროლო ველი 210910b xxu||||| |||| 00| 0 geo d
020 ## - წიგნის საერთაშორისო სტანდარტული ნომერი
International Standard Book Number 9789941263392
041 ## - ენის კოდი
Language code of text/sound track or separate title geo
080 ## - უნივერსალური ათობითი კლასიფიკაციის ინდექსი
Universal Decimal Classification number 821.112.2.03=353.1 ლ-42
100 ## - მთავარი ჩანაწერი - პიროვნების სახელი
Personal name ლენაუ, ნიკოლაუს
9 (RLIN) 12442
245 ## - ცნობა სათაურის შესახებ
Title შორეთი = Die Ferne
Remainder of title ლექსები /
Statement of responsibility, etc ნიკოლაუს ლენაუ ; გერმანულიდან თარგმნა დათო ბარბაქაძემ.
264 ## - წარმოების, გამოცემის, დისტრიბუციის და სხვა ცნობები
გამოცემის, წარმოების, დისტრიბუციის... ადგილი თბილისი :
გამოცემის, წარმოების, დისტრიბუციის... სახელწოდება უნივერსალი,
გამოცემის, წარმოების, დისტრიბუციის... თარიღი 2018.
300 ## - ფიზიკური აღწერა
Extent 103 გვ. :
Other physical details ილ. ;
Dimensions 21 სმ.
500 ## - ზოგადი შენიშვნა
General note გარეკანი და ტექსტი ქართულ და გერმანულ ენებზე.
ყდაზე და სუპერზე: კარლ ფრიდრიხ ლესინგი (1808-1880), ლანდშაფტი, 1841.
წიგნში წარმოდგენილი ნიკოლაუს ლენაუს პორტრეტის ავტორია ფრიდრიხ ფონ ამელინგი (1803-1878).
653 ## - INDEX TERM--UNCONTROLLED
Uncontrolled term გერმანული პოეზია
700 ## - ADDED ENTRY--PERSONAL NAME
Personal name ბარბაქაძე, დათო
Relator term მთარგმნელი, წინასიტყვაობის ავტორი.
9 (RLIN) 5805
942 ## - ADDED ENTRY ELEMENTS (KOHA)
Source of classification or shelving scheme
Koha item type წიგნი
ეგზემპლარები
ჩამოწერის სტატუსი დაკარგული ეგზემპლარის სტატუსი კლასიფიკაციის წყარო ან თაროზე გაწყობის სქემა დაზიანების სტატუსი არ გაიცემა მუდმივი მდებარეობა (დაცვის ადგილი) ამჟამინდელი ადგილსამყოფელი თაროზე განთავსების ადგილი შეძენის თარიღი ღირებულება, შესყიდვის ნორმალური ფასი სრული შენახვის შიფრი შტრიხკოდი ბოლო ოპერაციის თარიღი ეგზემპლარის მიმდევრობითი ნომერი (კეტერი?) ფასის ძალაში შესვლის თარიღი ეგზემპლარის სახეობა საჯარო შენიშვნა
          ბათუმის შოთა რუსთაველის სახელმწიფო უნივერსიტეტის მთავარი ბიბლიოთეკა ბათუმის შოთა რუსთაველის სახელმწიფო უნივერსიტეტის მთავარი ბიბლიოთეკა წიგნსაცავი 2021-09-10 5.00 821.112.2.03=353.1 ლ-42 61528 2021-09-10 61528 2021-09-10 წიგნი 5 ლ.